000 00864nam a2200229Ii 4500
003 JO-AjNU
008 230605s9999||||xx |||||||||||||| ||und||
017 _a2005/10/257
020 _a9957-477-11-7
040 _aJO-AjNU
_bara
_erda
_cJO-AjNU
041 _aara
050 1 4 _aDS119.7.W38 2007
100 3 _aجمع واعداد عبد اللطيف، زهير غنايم، جمع واعداد محافظة، محمد عبد الكريم,
_eauthor
_923989
245 0 0 _aوثائق القضية الفلسطينية 1918-1948، الجزء الأول
250 _aط1
264 3 1 _aعمان: دار ورد للنشر والتوزيع، 2007
300 _aج1، 284ص
336 _atext
_btxt
_2rdacontent
337 _aunmediated
_bn
_2rdamedia
338 _avolume
_bnc
_2rdacarrier
650 4 _aالقضية الفلسطينية- وثائق-تاريخ
_923990
999 _aA8765
_c12333
_d12333